| 000 | 00684cam a2200205 4500 | ||
|---|---|---|---|
| 001 | D6226 | ||
| 008 | 090401t1975 xxu||||| |||| 00| 0 eng d | ||
| 035 | _a(Sirsi) u91985 | ||
| 041 | _aeng | ||
| 050 | _a692.8 | ||
| 110 |
_aJoint Contracts Tribunal _93664 |
||
| 245 | _aStandard form of sectional completion supplement for use with the Standard Form of Building Contract with Quantities, Private and Local Authorities editions, 1963 (July 1975 edition revision). Practice Note 21 | ||
| 260 |
_aLondon _bRIBA Publications _c1975 |
||
| 300 | _a8p. 30cm | ||
| 350 | _a0 | ||
| 490 |
_aJCT Practice Note _v21 |
||
| 520 | _aFiled at JCT 1975/4AC | ||
| 942 | _n0 | ||
| 948 | _c04/03/1997 | ||
| 999 |
_c97703 _d97703 |
||